000
00296nam a22001337a 4500
008
170628b xxu||||| |||| 00| 0 eng d
020
_a
087352103X
041
_a
eng
080
_a
82
100
_a
21
101
_a
GJL
245
_a
LITERATURE AS EXPLORATION
_c
ROSENBLATT, L.M
942
_2
udc
_c
BK
999
_c
19305
_d
19305